000 00510nam a2200181Ia 4500
005 20250326124520.0
008 250326s9999 xx 000 0 und d
037 _aTextbook
040 _aFMSL
_beng
_cFMSL
041 _aeng
_2eng
084 _aX:8 L0
_qFMSL
100 _aHorowitz I
_9737520
245 0 _aDecision making and the theory of the firm
_cHorowitz I
260 _aNY Holt
_bNY Holt, Rinehart And Winston
_c1970
300 _a468p
942 _cTB
_hX:8 L0
999 _c1274022
_d1274022